|
|
|
|
| LEADER |
00000ny a22000003n 4500 |
| 005 |
20110614144156.0 |
| 008 |
090728s2008 po e 000 0 por d |
| 020 |
|
|
|a 9789727491827
|
| 035 |
|
|
|a 3251
|
| 040 |
|
|
|a UCLM
|d vlex
|
| 080 |
|
|
|a 35.077.3
|
| 090 |
|
|
|c 683
|d 683
|
| 100 |
1 |
|
|a Fonseca, Isabel Celeste M.
|
| 245 |
1 |
0 |
|a Direito processual administrativo
|h [Recurso electrn̤ico]
|b roteiro prt̀ico /
|c Isabel Celeste M. Fonseca
|
| 256 |
|
|
|a Servicio en ln̕ea
|
| 260 |
|
|
|a Porto :
|b Almeida & Leitó,
|c 2009
|
| 300 |
|
|
|a 280 p. ;
|c cm
|
| 506 |
1 |
|
|a Contenido solo disponible en los productos indicados
|d vLex Global
|d vLex Global (Academic Edition, excluding Law Schools)
|d vLex Global (U.S. Academic Edition, Law Schools)
|d vLex Global (U.S. Academic Edition, excluding Law Schools)
|d vLex Global (Academic Edition, Law Schools)
|
| 650 |
0 |
4 |
|a Derecho administrativo
|
| 650 |
0 |
4 |
|a Procedimiento administrativo
|
| 740 |
0 |
|
|a vLex Libros (Servicios en ln̕ea)
|
| 856 |
4 |
0 |
|u http://vlex.com/source/3251
|z Acceso restringido
|
| 942 |
|
|
|c BOOK
|
| 999 |
|
|
|a Administrative law
|b Porto
|